Vista normal
Vista MARC
Entrada Nombre corporativo
Número de registros utilizados en: 4
001 - NÚMERO DE CONTROL
- Campo de control: 5101
003 - IDENTIFICADOR DE NÚMERO DE CONTROL
- Campo de control: ES-MaCES
005 - FECHA Y HORA DE LA ULTIMA MODIFICACION
- Campo de control: 20041005143800.0
008 - ELEMENTOS DE DATOS DE LONGITUD FIJA
- Campo de longitud fija: 041005 | azznnaabn || ana d
035 ## - NÚMERO DE CONTROL DEL SISTEMA
- Número de control del sistema: CES20040002743e
040 ## - FUENTE DE LA CATALOGACIÓN
- Agencia original de catalogación: ES-MaCES
- Idioma de catalogación: spa
- Agencia de transcripción: ES-MaCES
110 1# - ENCABEZAMIENTO--NOMBRE CORPORATIVO
- Nombre corporativo o de jurisdicción como elemento de entrada: Unión Europea
- Título de una obra: Código aduanero comunitario
- Lugar de reunión o firma del tratado: 1992
410 1# - TRAZADO VEÁSE--NOMBRE CORPORATIVO
- Nombre corporativo o de jurisdicción como elemento de entrada: Unión Europea
- Título de una obra: Reglamento del Consejo por el que se aprueba el Código aduanero comunitario
- Lugar de reunión o firma del tratado: 1992
670 ## - FUENTE DE DATOS ENCONTRADOS
- Fuente de citación: CD del CES
- Información encontrada: : Reglamento (CEE) nº 2913/92 del Consejo de 12 de octubre de 1992, por el que se aprueba el Código aduanero comunitaro (DOCE nº L 302 de 19-10-92)
901 ## - CES. DATOS SIRTEX
- ID Sirtex (N5N8): 0001800006170
- 005BIS Sirtex: 200410051432ALORITE

